[Event "Erandio op 27th"]
[Site "Erandio"]
[Date "2018.12.18"]
[Round "4"]
[White "Prieto Aranguren, Alain"]
[Black "Oriza de Castro, Inigo"]
[Result "1-0"]
[WhiteElo "2242"]
[BlackElo "1798"]
[PlyCount "69"]
[EventDate "2018.12.15"]
[EventType "swiss"]
[EventRounds "8"]
[EventCountry "ESP"]
[SourceTitle "EXT 2020"]
[Source "ChessBase"]
[SourceDate "2019.10.17"]
[SourceVersion "1"]
[SourceVersionDate "2019.10.17"]
[SourceQuality "1"]

1. d4 d5 2. c4 c6 3. Nf3 Nf6 4. Nc3 e6 5. Bg5 h6 6. Bh4 g5 7. Bg3 Bb4 8. e3 Qa5 9. Qb3 Ne4 10. Rc1 Nd7 11. a3 Bxc3+ 12. bxc3 Nb6 13. c5 Nc4 14. Bxc4 dxc4 15. Qxc4 Qxa3 16. 0-0 g4 17. Ne5 Nd2 18. Qd3 Nxf1 19. Rxf1 Qa5 20. Nxg4 Qd8 21. Be5 Rg8 22. Nf6+ Ke7 23. Nxg8+ Qxg8 24. f4 f6 25. Bd6+ Kf7 26. Rf3 Qg6 27. e4 b5 28. f5 exf5 29. exf5 Qg5 30. Qe4 Qc1+ 31. Rf1 Qxc3 32. Qe7+ Kg8 33. Qe8+ Kg7 34. Qg6+ Kh8 35. Qxh6+ 1-0

[Event "Euskadi-chT (Vasca) Div 1st"]
[Site "Bergara"]
[Date "2017.02.04"]
[Round "4.3"]
[White "Oriza de Castro, Inigo"]
[Black "Blanco Sisniega, Jonas"]
[Result "1/2-1/2"]
[WhiteElo "1748"]
[BlackElo "1767"]
[PlyCount "68"]
[EventDate "2017.01.14"]
[EventType "team-tourn"]
[EventRounds "9"]
[EventCountry "ESP"]
[SourceTitle "EXT 2024"]
[Source "ChessBase"]
[SourceDate "2023.10.10"]
[SourceVersion "1"]
[SourceVersionDate "2023.10.10"]
[SourceQuality "1"]

1. e4 c5 2. d4 cxd4 3. c3 d3 4. Bxd3 Nc6 5. f4 d6 6. Nf3 Nf6 7. h3 e6 8. Be3 Be7 9. Nbd2 a6 10. Qe2 b5 11. a3 Qc7 12. Rc1 Bb7 13. Qf2 Rc8 14. 0-0 0-0 15. g4 e5 16. f5 d5 17. g5 Nxe4 18. Nxe4 dxe4 19. Bxe4 Bd6 20. f6 g6 21. Qh4 Rfe8 22. b4 Nd8 23. Bxb7 Qxb7 24. c4 e4 25. Nd2 Bb8 26. c5 Qd5 27. Rcd1 Qa2 28. Rf2 Qxa3 29. Nc4 bxc4 30. Rxd8 Qxe3 31. Qh6 Bh2+ 32. Kf1 Qc1+ 33. Ke2 Qc2+ 34. Ke1 Qc1+ 1/2-1/2

[Event "Euskadi-ch U16"]
[Site "Eibar"]
[Date "2010.04.10"]
[Round "6"]
[White "Oriza de Castro, Inigo"]
[Black "Pedrera Busselo, Asier"]
[Result "1-0"]
[WhiteElo "1720"]
[BlackElo "1586"]
[PlyCount "61"]
[EventDate "2010.04.07"]
[EventType "swiss"]
[EventRounds "6"]
[EventCountry "ESP"]
[SourceTitle "CBM 136 Extra"]
[Source "ChessBase"]
[SourceDate "2010.07.02"]
[SourceVersion "2"]
[SourceVersionDate "2010.07.15"]
[SourceQuality "1"]

1. e4 c5 2. Nf3 Nc6 3. d4 cxd4 4. Nxd4 d6 5. Nc3 g6 6. Bb5 Bd7 7. Bxc6 bxc6 8. 0-0 Bg7 9. Nce2 Nf6 10. Qd3 0-0 11. Nf3 Qb6 12. e5 Nd5 13. exd6 exd6 14. c4 Bf5 15. Qd2 Nc7 16. Ng3 Be6 17. Qxd6 Bxc4 18. Re1 Ne6 19. Ne5 Bd5 20. Qa3 Qc7 21. Ng4 Rfe8 22. Bh6 f6 23. Qc3 Qf7 24. Bxg7 Kxg7 25. Rad1 Nf4 26. f3 h5 27. Ne3 Bxa2 28. Qxc6 Rab8 29. Rd7 Re7 30. Rxe7 Qxe7 31. Nef5+ 1-0

[Event "Euskadi-ch U16"]
[Site "Eibar"]
[Date "2010.04.08"]
[Round "2"]
[White "Oriza de Castro, Inigo"]
[Black "Espinosa Cancino, Cristina"]
[Result "1-0"]
[WhiteElo "1720"]
[BlackElo "1346"]
[PlyCount "63"]
[EventDate "2010.04.07"]
[EventType "swiss"]
[EventRounds "6"]
[EventCountry "ESP"]
[SourceTitle "CBM 136 Extra"]
[Source "ChessBase"]
[SourceDate "2010.07.02"]
[SourceVersion "2"]
[SourceVersionDate "2010.07.15"]
[SourceQuality "1"]

1. e4 e5 2. f4 Nc6 3. Nf3 d6 4. Bc4 Bg4 5. Bxf7+ Ke7 6. Bxg8 Rxg8 7. fxe5 dxe5 8. d3 h6 9. c3 Qd6 10. 0-0 Rd8 11. h3 Bxf3 12. Qxf3 Kd7 13. Qf7+ Ne7 14. Rd1 Kc8 15. Qf3 Ng6 16. Na3 Qb6+ 17. Kh1 Bxa3 18. bxa3 Rgf8 19. Qg3 Rd7 20. Be3 Qa6 21. d4 exd4 22. cxd4 Rdf7 23. Rac1 Qb6 24. d5 Qa5 25. Qxg6 Qxa3 26. Bc5 Qxa2 27. Bxf8 Rxf8 28. Qxg7 Qa5 29. Qxf8+ Kd7 30. e5 c6 31. dxc6+ Kc7 32. Qd8# 1-0